| 000 | 00425nab a2200145Ia 4500 | ||
|---|---|---|---|
| 003 | ES-SlBCS | ||
| 005 | 20210601131726.0 | ||
| 008 | 140529s1951 xxu||||| |||| 00| 0 fre d | ||
| 041 | _afre | ||
| 100 | 1 |
_aRottier, Georges _9188313 |
|
| 245 | 0 | 0 |
_aLes élections britanniques _c Georges Rottier |
| 650 | 0 | 4 |
_aElecciones Británicas _9171938 |
| 773 | 0 |
_tVie Intelectuelle (La) _gnº. 12, 1951, págs. 85-88 _wRev907 |
|
| 942 | _cAR | ||
| 999 |
_c567694 _d567694 |
||